Símbolos de España: Librito escolar de lectura para todos los grados que sepan leer, sean niños o niñas.

Guardado en:
Detalles Bibliográficos
Formato: Desconocido
Lenguaje:español
Publicado: Madrid Magisterio Español 1960
Edición:15ª
Catálogo:MANES:  Resultados de Búsqueda del Catálogo
Clasificación de libros de texto:
Etiquetas: Agregar Etiqueta
Sin Etiquetas, Sea el primero en etiquetar este registro!
Añadido a:2016-04-26
Cambiado en:2025-05-07

MARC

LEADER 000000000a22000000004500
001 07002
003 OSt
005 20250507133309.0
008 160427s sp ||||| |||| 00| 0 spa d
040 |c centro_manes 
041 1 |a spa 
561 |5 es-CICE  |a España. Centro Internacional de la Cultura Escolar  |k MANES 
691 0 |a PRI 
245 0 0 |a Símbolos de España: Librito escolar de lectura para todos los grados que sepan leer, sean niños o niñas. 
250 |a 15ª 
260 3 |a Madrid  |b Magisterio Español  |c 1960 
300 |a 76 p.  |c 19,5 x 14 cm 
500 |a Editado en Cartoné. 
690 0 |a EyL 
942 |2 ddc  |c BK 
546 |a España 
999 |c 12976  |d 12976 
999 |c manes:12976  |d 12976